| 000 | 00843nam a2200229Ii 4500 | ||
|---|---|---|---|
| 003 | JO-AjNU | ||
| 008 | 230605s9999||||xx |||||||||||||| ||und|| | ||
| 017 | _a2010/4881 | ||
| 020 | _a978-977-282-410-5 | ||
| 040 |
_aJO-AjNU _bara _erda _cJO-AjNU |
||
| 041 | _aara | ||
| 050 | 1 | 4 | _aHD60.5.2011 |
| 100 | 3 |
_aفليب،كوتلر/نانسي لي؛ترجمة علا احمد اصلاح, _eauthor _943969 |
|
| 245 | 0 | 0 | _aالمسئولية الاجتماعية للشركات=Corporate Social Responsibility |
| 250 | _aط1 | ||
| 264 | 3 | 1 | _aالقاهرة:الدار الدولية للاستثمارات الثقافية ش.م.م،2011 |
| 300 | _a379ص | ||
| 336 |
_atext _btxt _2rdacontent |
||
| 337 |
_aunmediated _bn _2rdamedia |
||
| 338 |
_avolume _bnc _2rdacarrier |
||
| 650 | 4 |
_aالمسؤولية الاجتماعية للعمل _943970 |
|
| 999 |
_aA18945 _c22513 _d22513 |
||